000 00298nam a22001217a 4500
008 230613b xxu||||| |||| 00| 0 eng d
082 _a353.463
100 _cGovernment of Kenya
245 _aPublic Investment Programme 1993-1996
260 _aKenya
_bGOK
_c1996
300 _a328p
942 _2ddc
_cBK
999 _c1137
_d1137